000 00690nam a22002297a 4500
003 UA-OsUOA
001 31135
007 ta
008 20041203b un ||||| |||| 00| 0 ukr d
090 _a82.09(477)
_bП78
942 _cBK
040 _aUA-OsUOA
_bukr
_cUA-OsUOA
_dUA-OsUOA
245 _aПроблеми історії та теорії реалізму української літератури ХІХ - початку ХХ ст.
_cВідповід. ред. М. Т.Яцекно
955 _a0
041 _aukr
080 _a82.09(477)
020 _a5-12-002276-6
260 _aКиїв
_bНаукова думка
_c1991
044 _aUA
650 7 _2UDC
999 _c317556
_d317556